Química de la vida : (Record no. 64133)

MARC details
000 -LEADER
campo de control de longitud fija 00831nam a2200241 i 4500
001 - NÚMERO DE CONTROL
campo de control 64133
003 - IDENTIFICADOR DE NÚMERO DE CONTROL
campo de control ES-MaACL
005 - FECHA Y HORA DE LA ÚLTIMA TRANSACCIÓN
campo de control 20250824214301.0
007 - CAMPO FIJO DE DESCRIPCIÓN FÍSICA--INFORMACIÓN GENERAL
campo de control de longitud fija t|
008 - DATOS DE LONGITUD FIJA--INFORMACIÓN GENERAL
campo de control de longitud fija 031222s1959 sp ||||1| spa d
080 ## - NÚMERO DE LA CLASIFICACIÓN DECIMAL UNIVERSAL
Número de la Clasificación Decimal Universal 577.1
100 1# - ENTRADA PRINCIPAL--NOMBRE DE PERSONA
Nombre de persona Flechtner, Hans-Joachim.
9 (RLIN) 51144
245 10 - MENCIÓN DEL TÍTULO
Título Química de la vida :
Resto del título procesos químicos en las plantas, los animales y el hombre /
Mención de responsabilidad, etc. Hans-Joachim Flechtner ; versión por Ignacio Rodrigo García.
260 ## - PUBLICACIÓN, DISTRIBUCIÓN, ETC.
Lugar de publicación, distribución, etc. Barcelona :
Nombre del editor, distribuidor, etc. Labor,
Fecha de publicación, distribución, etc. [1959] (
Fabricante Tall. Ibero-Americanos)
300 ## - DESCRIPCIÓN FÍSICA
Extensión 425 p., 4 lám. :
Otras características físicas il. ;
Dimensiones 22 cm.
490 1# - MENCIÓN DE SERIE
Mención de serie Libros de hoy
650 #7 - PUNTO DE ACCESO ADICIONAL DE MATERIA--TÉRMINO DE MATERIA
Término de materia o nombre geográfico como elemento de entrada Bioquímica
Fuente del encabezamiento o término embne
9 (RLIN) 136796
700 1# - ENTRADA AGREGADA--NOMBRE PERSONAL
Nombre de persona Rodrigo García, Ignacio.
9 (RLIN) 98183
830 10 - PUNTO DE ACCESO ADICIONAL DE SERIE-TÍTULO UNIFORME
Título uniforme Libros de hoy (Labor)
9 (RLIN) 185588
852 4# - LOCALIZACIÓN
Ubicación ES-MaACL
Número de control de estantería C-16467
852 4# - LOCALIZACIÓN
Ubicación ES-MaACL
Número de control de estantería E-6505
Holdings
Estatus retirado Estado de pérdida Estado de daño No para préstamo Biblioteca de origen Biblioteca actual Ubicación en estantería Fecha de adquisición Fuente de adquisición Total de préstamos Signatura topográfica completa Código de barras Visto por última vez Precio de reemplazo Tipo de ítem Koha
        Biblioteca del Ateneo de Madrid Biblioteca del Ateneo de Madrid Galería 17/01/2008     C-16467 1067210 23/02/2023 23/02/2023 Libro impreso
        Biblioteca del Ateneo de Madrid Biblioteca del Ateneo de Madrid Depósito 2 17/01/2008     E-6505 1067211 23/02/2023 23/02/2023 Libro impreso